<?xml version="1.0" encoding="UTF-8"?>
<record
    xmlns:xsi="http://www.w3.org/2001/XMLSchema-instance"
    xsi:schemaLocation="http://www.loc.gov/MARC21/slim http://www.loc.gov/standards/marcxml/schema/MARC21slim.xsd"
    xmlns="http://www.loc.gov/MARC21/slim">

  <leader>01035nam a22002055i 4500</leader>
  <controlfield tag="001">170956</controlfield>
  <controlfield tag="003">ES-MaACL</controlfield>
  <controlfield tag="005">20250805063314.0</controlfield>
  <controlfield tag="008">090420s1876    po           |||| | por d</controlfield>
  <datafield tag="100" ind1="1" ind2=" ">
    <subfield code="a">Delgado, Joaquim Filipe Nery, </subfield>
    <subfield code="d">1835-1908</subfield>
    <subfield code="9">43410</subfield>
  </datafield>
  <datafield tag="245" ind1="1" ind2="0">
    <subfield code="a">Sobre a existencia do terreno siluriano no baixo Alemtejo </subfield>
    <subfield code="b">: memoria apresentada &#xE1; Academia Real das Sciencias de Lisboa / </subfield>
    <subfield code="c">por J. F. N. Delgado.</subfield>
  </datafield>
  <datafield tag="260" ind1=" " ind2=" ">
    <subfield code="a">Lisboa : </subfield>
    <subfield code="b">[s.n.], </subfield>
    <subfield code="c">1876 (</subfield>
    <subfield code="f">Typ. da Academia Real das Sciencias)</subfield>
  </datafield>
  <datafield tag="300" ind1=" " ind2=" ">
    <subfield code="a">35, 35 p., [1] h. pleg. de map., [2] h. de l&#xE1;m. ; </subfield>
    <subfield code="c">31 cm.</subfield>
  </datafield>
  <datafield tag="500" ind1=" " ind2=" ">
    <subfield code="a">Precede al t&#xED;t.: Terrenos paleozoicos de Portugal.</subfield>
  </datafield>
  <datafield tag="546" ind1=" " ind2=" ">
    <subfield code="a">La 2&#xAA; secuencia de paginaci&#xF3;n corresponde al texto en franc&#xE9;s, con port. propia.</subfield>
  </datafield>
  <datafield tag="650" ind1=" " ind2="4">
    <subfield code="a">Paleontolog&#xED;a-</subfield>
    <subfield code="z">Portugal.</subfield>
    <subfield code="9">167307</subfield>
  </datafield>
  <datafield tag="710" ind1="2" ind2=" ">
    <subfield code="a">Academia das Ci&#xEA;ncias de Lisboa.</subfield>
    <subfield code="9">1159</subfield>
  </datafield>
  <datafield tag="852" ind1=" " ind2=" ">
    <subfield code="a">ES-MaACL</subfield>
    <subfield code="j">B-8083(3) </subfield>
    <subfield code="z">.- Dedicatoria manuscrita del autor a Fed&#xE9;rico de Botella y de Hornos </subfield>
    <subfield code="z">.- Legado de Fed&#xE9;rico de Botella y Hornos</subfield>
  </datafield>
  <datafield tag="999" ind1=" " ind2=" ">
    <subfield code="c">170956</subfield>
    <subfield code="d">170956</subfield>
  </datafield>
  <datafield tag="952" ind1=" " ind2=" ">
    <subfield code="0">0</subfield>
    <subfield code="1">0</subfield>
    <subfield code="4">0</subfield>
    <subfield code="7">0</subfield>
    <subfield code="8">LIBXIX</subfield>
    <subfield code="a">ATENEOM</subfield>
    <subfield code="b">ATENEOM</subfield>
    <subfield code="c">SPB</subfield>
    <subfield code="d">2009-04-20</subfield>
    <subfield code="e">DON</subfield>
    <subfield code="l">0</subfield>
    <subfield code="o">B-8083(3)</subfield>
    <subfield code="p">1179418</subfield>
    <subfield code="r">2023-02-23 00:00:00</subfield>
    <subfield code="w">2023-02-23</subfield>
    <subfield code="y">MONANT</subfield>
  </datafield>
</record>
